00571nam a2200193Ia 4500008004100000041001200041082001200053100002300065245006400088260003600152300000800188365000800196520001100204546001200215630006400227650001100291655001100302730006400313101110s9999 xx 000 0 und d aENGLISH bSR28711 aWadwani Manohar R. aBusiness law, 2nd edition, 1st year 1st semester BMS series c2005bSheth Publication, Mumbai a355 b100 aB.M.S. aENGLISH aBusiness law, 2nd edition, 1st year 1st semester BMS series aB.M.S. aB.M.S. aBusiness law, 2nd edition, 1st year 1st semester BMS series